00252 2200121 4500001002100000005001500021035002000036245003200056260000900088082000800097084001200105990001300117INLIS00000000000236220250528111732 a0010-0525000654 aFaktor faktor Tentang Korea c1995 a951 a951 FAK a05201340